Catálogo - Centro de Recursos para el Aprendizaje y la Investigación
Volver al Sitio - CRAI Biblioteca| 000 -CABECERA | |
|---|---|
| campo de control de longitud fija | 01336nam a2200217 4500 |
| 001 - NÚMERO DE CONTROL | |
| campo de control | 113508 |
| 003 - IDENTIFICADOR DEL NÚMERO DE CONTROL | |
| campo de control | DR-UNIBE |
| 005 - FECHA Y HORA DE LA ÚLTIMA TRANSACCIÓN | |
| campo de control | 20250429091746.0 |
| 008 - DATOS DE LONGITUD FIJA--INFORMACIÓN GENERAL | |
| campo de control de longitud fija | 250428b2006 cl ||||| |||| 00| 0 spa d |
| 040 ## - FUENTE DE LA CATALOGACIÓN | |
| Centro catalogador/agencia de origen | BIBLIOTECA UNIBE |
| Centro/agencia transcriptor | BIBLIOTECA UNIBE |
| Lengua de catalogación | spa |
| Normas de descripción | rda |
| 041 ## - CÓDIGO DE LENGUA | |
| Código de lengua del texto/banda sonora o título independiente | spa |
| 082 ## - NÚMERO DE LA CLASIFICACIÓN DECIMAL DEWEY | |
| Número de edición | 22 |
| Número de clasificación | 342.983 R426c |
| 110 10 - ENTRADA PRINCIPAL--NOMBRE DE ENTIDAD CORPORATIVA | |
| Nombre de entidad corporativa o nombre de jurisdicción como elemento de entrada | República de Chile. Constitución |
| 9 (RLIN) | 194658 |
| 245 10 - MENCIÓN DE TÍTULO | |
| Título | Constitución política de la República de Chile |
| 250 ## - MENCIÓN DE EDICIÓN | |
| Mención de edición | Edición para estudiantes de derecho |
| 260 ## - PUBLICACIÓN, DISTRIBUCIÓN, ETC. | |
| Lugar de publicación, distribución, etc. | Santiago de Chile : |
| Nombre del editor, distribuidor, etc. | LexisNexis, |
| Fecha de publicación, distribución, etc. | 2006 |
| 300 ## - DESCRIPCIÓN FÍSICA | |
| Extensión | 83 páginas : |
| Dimensiones | 20 x 13 cm |
| 505 ## - NOTA DE CONTENIDO CON FORMATO | |
| Nota de contenido con formato | Capítulo I. Bases de institucionalidad |<br/>Capítulo II. Nacionalidad y ciudadanía |<br/>Capítulo III. De los derechos y deberes constitucionales |<br/>Capítulo IV. Gobierno |<br/>Capítulo V. Congreso Nacional |<br/>Capítulo VI. Poder Judicial |<br/>Capítulo VII. Ministerio público |<br/>Capítulo VIII. Tribunal Constitucional |<br/>Capítulo IX. Justicia electoral |<br/>Capítulo X. Contraloría General de la República |<br/>Capítulo XI. Fuerzas Armadas, de Orden y Seguridad Pública |<br/>Capítulo XII. Consejo de Seguridad Nacional |<br/>Capítulo XIII. Banco Central |<br/>Capítulo XIV. Gobierno y Administración Interior del Estado |<br/>Capítulo XV. Reforma de la Constitución |
| 651 #7 - PUNTO DE ACCESO ADICIONAL DE MATERIA--NOMBRE GEOGRÁFICO | |
| Nombre geográfico | República de Chile |
| Subdivisión general | Constitución |
| 9 (RLIN) | 194661 |
| 942 ## - ELEMENTOS DE PUNTO DE ACCESO ADICIONAL (KOHA) | |
| Fuente del sistema de clasificación o colocación | Sistema de Clasificación Decimal Dewey |
| Tipo de ítem Koha | Libro (general) |
| Estado de retiro | Estado de pérdida | Fuente del sistema de clasificación o colocación | No para préstamo | Código de colección | Localización permanente | Fecha de adquisición | Total de préstamos | Signatura topográfica completa | Código de barras | Fecha visto por última vez | Número de copia | Precio válido a partir de | Tipo de ítem Koha |
|---|---|---|---|---|---|---|---|---|---|---|---|---|---|
| Disponible | Sistema de Clasificación Decimal Dewey | General | Biblioteca Central UNIBE | 01/04/2025 | 342.983 R426c | 250365 | 28/04/2025 | Ej. 1 | 28/04/2025 | Libro (general) |